Tài chính công

Nội dung quyển sách trình bày các quan điểm chính trị ảnh hưởng đến mục đích của tài chính công; những công cụ phân tích đã được đã được các nhà kinh tế tài chính công vận dụng bao gồm công cụ phân tích thực chứng và phân tích quy chuẩn,...

Descripció completa

Guardat en:
Dades bibliogràfiques
Autor principal: Nguyễn, Thị Cành
Format: Llibre
Idioma:Undetermined
Publicat: Thành phố Hồ Chí Minh Đại học Quốc gia Thành phố Hồ Chí Minh 2003
Matèries:
Etiquetes: Afegir etiqueta
Sense etiquetes, Sigues el primer a etiquetar aquest registre!
Thư viện lưu trữ: Trung tâm Học liệu Trường Đại học Cần Thơ
LEADER 00938nam a2200193Ia 4500
001 CTU_103810
008 210402s9999 xx 000 0 und d
082 |a 336 
082 |b C107 
100 |a Nguyễn, Thị Cành 
245 0 |a Tài chính công 
245 0 |c Nguyễn Thị Cành 
260 |a Thành phố Hồ Chí Minh 
260 |b Đại học Quốc gia Thành phố Hồ Chí Minh 
260 |c 2003 
520 |a Nội dung quyển sách trình bày các quan điểm chính trị ảnh hưởng đến mục đích của tài chính công; những công cụ phân tích đã được đã được các nhà kinh tế tài chính công vận dụng bao gồm công cụ phân tích thực chứng và phân tích quy chuẩn,... 
650 |a Finance, public 
904 |i Hiếu 
980 |a Trung tâm Học liệu Trường Đại học Cần Thơ